Antecedentes de la Misión de Observación de las Naciones Unidas para la Verificación de las Elecciones en Nicaragua. Documentos varios
में बचाया:
| निगमित लेखक: | |
|---|---|
| स्वरूप: | मूलपाठ |
| प्रकाशित: |
s.l.:
Naciones Unidas
|
| टैग: |
टैग जोड़ें
कोई टैग नहीं, इस रिकॉर्ड को टैग करने वाले पहले व्यक्ति बनें!
|
MARC
| LEADER | 00000 a a2200000 04500 | ||
|---|---|---|---|
| 001 | 24045 | ||
| 003 | |||
| 040 | |||
| 090 | |a 170600 | ||
| 110 | |a Naciones Unidas. ONUVEN | ||
| 245 | |a Antecedentes de la Misión de Observación de las Naciones Unidas para la Verificación de las Elecciones en Nicaragua. Documentos varios | ||
| 260 | |a s.l.: |b Naciones Unidas | ||
| 300 | |a pag. varia | ||
| 999 | |c 1080 |d 1080 | ||
